Train stations in Bratislava - Statistics

General Stats
  • This quiz has been taken 67 times
  • The average score is 9 of 14
Answer Stats
Lines (S) Station % Correct
S8, S65 Petržalka
94%
S20, S50, S60, S70 Hlavná stanica
93%
S55, S65, S70 Nové Mesto
87%
S50, S60 Vinohrady
87%
S20 Lamač
74%
S50, S55 Rača
72%
S20 Devínska Nová Ves
65%
S20 Železná studienka
65%
S70 Podunajské Biskupice
57%
S60, S65 Vajnory
57%
S8 Rusovce
52%
S55, S65 Predmestie
50%
S70 Vrakuňa
50%
S20 Devínske jazero
39%
No matching quizzes found
Score Distribution
Percent of People with Each Score
Percentile by Number Answered
Your Score History
You have not taken this quiz